Jedna věta
| Titel: | Jedna věta / Mike Baugh ; překlad Tereza Baugh |
|---|---|
| Verfasser: | |
| Beteiligt: | |
| Ausgabe: | Vydání první |
| Veröffentlicht: | Praha : Revolver Revue, 2016 |
| Umfang: | 43 Seiten : 1 Porträt |
| Format: | Buch |
| Sprache: | Tschechisch; Englisch |
| Schriftenreihe/ mehrbändiges Werk: |
Edice Revolver Revue ; Sv. 99 |
| ISBN: | 9788087037829 |
alg: 41884496 001A $03004:20-10-17 001B $03004:01-12-20 $t13:46:21.000 001D $03004:01-12-20 001U $0utf8 001X $00 002@ $0Aau 002C $aText $btxt $2rdacontent 002D $aohne Hilfsmittel zu benutzen $bn $2rdamedia 002E $aBand $bnc $2rdacarrier 003@ $0418844968 004A $A978-80-87037-82-9 006C $0968747642 $aOCoLC 007A $0880927933 $aGBV 010@ $acze $aeng 010E $erda 011@ $a2016 $n2016 021A $aJedna věta $hMike Baugh ; překlad Tereza Baugh 028A $BVerfasser $4aut $71122759789 $8Baugh, Mike$Z1976- [Tp3] $9397455216 028C $BÜbersetzer $4trl $71122759886 $8Baugh, Tereza$Z20./21. Jhr. [Tp3] $9397455321 032@ $aVydání první 033A $pPraha $nRevolver Revue 034D $a43 Seiten 034M $a1 Porträt 036E $aEdice Revolver Revue $lSv. 99 044K $RWestslawische Sprachen $#Tschechische Sprache $74061084-6 $8Tschechisch [Ts1] $9085169617 044K $RNordseegermanische Sprachen $#English language $#Anglais (langue) $#Britisches Englisch $#Englische Sprache $74014777-0 $8Englisch [Tsz] $9085033405 044K $RLiteratur $REpik $#Prose literature $#Prose literature History and criticism $#Prose $#Prosa $#Erzählende Prosa $#Erzählprosa $#Fiktionale Prosa $#Kunstprosa $#Prosaepik $#Prose fiction $#Prosawerk $#Erzählwerk Prosa $#Prosatext $#Prosawerke $#Prosatexte $74047497-5 $8Prosa [Ts1] $9085132446 045B $a800 045T $aSLAW 046L $aText tschechisch und englisch lok: 41884496 24 exp: 41884496 24 1 #EPN 201B/01 $001-12-20 $t13:45:50.000 201C/01 $020-10-17 201U/01 $0utf8 203@/01 $01008626570 208@/01 $a01-12-20 $bz 209A/01 $aS 32615 $du $f050 $h17 06354 $x00 209C/01 $a17.06354 T $h17 06354 T 209G/01 $a74228410 $x00 220C/01 $akon 247C/01 $8358050-7Marburg, Bibliothek des Herder-Instituts Marburg $9102600961
| LEADER | 00000cam a2200000 c 4500 | ||
|---|---|---|---|
| 001 | 418844968 | ||
| 003 | DE-603 | ||
| 005 | 20201201134621.0 | ||
| 007 | tu | ||
| 008 | 171020s2016 xx |||| | u00||u|cze c | ||
| 020 | |a 9788087037829 | ||
| 035 | |a (DE-599)GBV880927933 | ||
| 040 | |a DE-603 |b ger |c DE-603 |d DE-603 |e rda | ||
| 041 | |a cze |a eng | ||
| 082 | 7 | |a 800 | |
| 084 | |a SLAW |2 ssgn | ||
| 100 | 1 | |a Baugh, Mike |d 1976- |e Verfasser |4 aut |0 (DE-603)397455216 |0 (DE-588)1122759789 |2 gnd | |
| 245 | 0 | 0 | |a Jedna věta |c Mike Baugh ; překlad Tereza Baugh |
| 250 | |a Vydání první | ||
| 264 | 1 | |a Praha |b Revolver Revue |c 2016 | |
| 300 | |a 43 Seiten |b 1 Porträt | ||
| 336 | |a Text |b txt |2 rdacontent | ||
| 337 | |a ohne Hilfsmittel zu benutzen |b n |2 rdamedia | ||
| 338 | |a Band |b nc |2 rdacarrier | ||
| 490 | 0 | |a Edice Revolver Revue |v Sv. 99 | |
| 546 | |a Text tschechisch und englisch | ||
| 650 | 7 | |a Tschechisch |0 (DE-588)4061084-6 |0 (DE-603)085169617 |2 gnd | |
| 650 | 7 | |a Englisch |0 (DE-588)4014777-0 |0 (DE-603)085033405 |2 gnd | |
| 650 | 7 | |a Prosa |0 (DE-588)4047497-5 |0 (DE-603)085132446 |2 gnd | |
| 700 | 1 | |a Baugh, Tereza |d 20./21. Jhr. |e Übersetzer |4 trl |0 (DE-603)397455321 |0 (DE-588)1122759886 |2 gnd | |
| 924 | 0 | |9 Mb 50 |a (DE-603)1008626570 |b DE-Mb50 |c HES |d c |g S 32615 | |


